| 000 | 00779nam a22002897a 4500 | ||
|---|---|---|---|
| 001 | BR9212018 | ||
| 003 | BR-BrBNA | ||
| 005 | 20230928093723.0 | ||
| 007 | ta | ||
| 008 | 230509b bl.||||| |||| 00| 0 por d | ||
| 040 |
_aBR-BrBNA _bpor _cBiblioteca Nacional de Agricultura |
||
| 041 | _a(Por) | ||
| 072 |
_aF01 _b1540 |
||
| 090 | _ 1540 BR9212018 | ||
| 100 | 1 | _aAlmeida, E.V. de | |
| 110 | 1 | _aEmpresa de Assistencia Tecnica e Extensao Rural do Distrito Federal, Brasilia (Brasil) | |
| 245 | 1 | _aMandioca; cuidados para o plantio | |
| 260 | 3 |
_aBrasilia, DF (Brasil): _c1987. |
|
| 300 | _a16 p. | ||
| 500 | _a5 ref. | ||
| 650 | _aMANDIOCA | ||
| 650 | _aPLANTIO | ||
| 650 | _aMANIVA | ||
| 650 | _aESPACAMENTO | ||
| 909 |
_a202309 _bLucia _c55 _dLucia Elande |
||
| 942 | _cBK | ||
| 999 |
_c46685 _d46685 |
||